[Event "FRA-chT4 1415"]
[Site "Champagne Ardenne"]
[Date "2015.04.12"]
[Round "7.1"]
[White "Monaville, Guy"]
[Black "Viard, Dominique"]
[Result "1/2-1/2"]
[WhiteElo "2088"]
[BlackElo "1989"]
[PlyCount "45"]
[EventDate "2014.10.16"]
[EventType "team-tourn"]
[EventRounds "7"]
[EventCountry "FRA"]
[SourceTitle "EXT 2024"]
[Source "ChessBase"]
[SourceDate "2023.10.10"]
[SourceVersion "1"]
[SourceVersionDate "2023.10.10"]
[SourceQuality "1"]

1. e4 c6 2. d3 d5 3. Nd2 e5 4. Ngf3 Bd6 5. g3 Ne7 6. Bg2 0-0 7. 0-0 f5 8. Qe1 fxe4 9. dxe4 Bg4 10. h3 Bh5 11. g4 Bg6 12. Nh4 Nd7 13. Nf5 Nf6 14. f3 Nxf5 15. exf5 Bf7 16. Nb3 Qc7 17. Be3 b6 18. Nd2 Rad8 19. Bg5 Rfe8 20. Kh1 Kh8 21. c4 Be7 22. Bxf6 Bxf6 23. Rd1 1/2-1/2

[Event "FRA-chT4 1415"]
[Site "Champagne Ardenne"]
[Date "2014.10.13"]
[Round "1.1"]
[White "Crepaux, Jean Marie"]
[Black "Monaville, Guy"]
[Result "1/2-1/2"]
[WhiteElo "1864"]
[BlackElo "2106"]
[PlyCount "131"]
[EventDate "2014.10.16"]
[EventType "team-tourn"]
[EventRounds "7"]
[EventCountry "FRA"]
[SourceTitle "EXT 2024"]
[Source "ChessBase"]
[SourceDate "2023.10.10"]
[SourceVersion "1"]
[SourceVersionDate "2023.10.10"]
[SourceQuality "1"]

1. e4 d5 2. exd5 Qxd5 3. Nc3 Qd6 4. Nf3 Nf6 5. h3 a6 6. Bc4 b5 7. Bb3 e6 8. d4 c5 9. dxc5 Qxd1+ 10. Nxd1 Bxc5 11. 0-0 Bb7 12. Ne5 0-0 13. Be3 Bd6 14. Nd3 Nbd7 15. Nc3 Rfd8 16. Rfd1 Rac8 17. Nf4 Bc5 18. Bxc5 Nxc5 19. Rxd8+ Rxd8 20. Rd1 Rxd1+ 21. Nxd1 Nfe4 22. f3 Nd2 23. Kf2 Ndxb3 24. cxb3 Kf8 25. Ke3 Ke7 26. Nc3 Kd6 27. b4 Nd7 28. Nd3 g5 29. Nf2 f5 30. Nd3 h6 31. a4 bxa4 32. Nxa4 f4+ 33. Kd2 Bc6 34. Nac5 Bb5 35. Nxd7 Kxd7 36. Ne5+ Ke7 37. Ke1 h5 38. Kd2 Bf1 39. h4 Kf6 40. Nd7+ Kf5 41. hxg5 Kxg5 42. Ke1 Bb5 43. Nc5 Kf5 44. Kf2 h4 45. Ne4 Ke5 46. Kg1 Kd4 47. Kh2 Kc4 48. Kh3 Kxb4 49. Nd2 e5 50. Kxh4 Kc5 51. g4 fxg3 52. Kxg3 Kd4 53. Kg4 Ke3 54. Nb3 Bd7+ 55. Kg3 Bf5 56. Na5 Bd3 57. Nc6 e4 58. fxe4 Bxe4 59. Ne5 Bd5 60. Nd7 a5 61. Nb6 Bb3 62. Kg2 Kd2 63. Kf2 Kc2 64. Ke3 Kxb2 65. Kd4 Bf7 66. Kc5 1/2-1/2

[Event "Blagny op 6th"]
[Site "Blagny"]
[Date "2014.01.04"]
[Round "4"]
[White "Monaville, Guy"]
[Black "Wallart, Adrien"]
[Result "1/2-1/2"]
[WhiteElo "2094"]
[BlackElo "2282"]
[PlyCount "117"]
[EventDate "2014.??.??"]
[EventType "swiss"]
[EventRounds "6"]
[EventCountry "FRA"]
[SourceTitle "EXT 2015"]
[Source "ChessBase"]
[SourceDate "2014.11.20"]
[SourceVersion "1"]
[SourceVersionDate "2014.11.20"]
[SourceQuality "1"]

1. e4 e6 2. d3 d5 3. Nd2 Nf6 4. Ngf3 Be7 5. g3 c5 6. Bg2 Nc6 7. 0-0 Qc7 8. Re1 0-0 9. c3 b5 10. a3 a5 11. e5 Nd7 12. d4 Ba6 13. Nf1 Rfc8 14. Bf4 b4 15. Ne3 Qd8 16. h4 bxa3 17. bxa3 Rab8 18. Bg5 c4 19. Bxe7 Qxe7 20. Nd2 Nb6 21. a4 Rc7 22. f4 Qd7 23. Bh3 Ne7 24. Nf3 Bc8 25. Ng5 h6 26. Nxf7 Kxf7 27. f5 Kg8 28. fxe6 Qe8 29. Ng2 Ng6 30. Qh5 Bxe6 31. Bxe6+ Qxe6 32. Rf1 Rf8 33. Rxf8+ Nxf8 34. Nf4 Qf7 35. Qg4 Rc6 36. Rf1 Qd7 37. Qf3 Rc8 38. Rb1 Qc6 39. Rb5 Nxa4 40. Rxa5 Nb6 41. Rc5 Qd7 42. Rxc8 Qxc8 43. Nxd5 Nxd5 44. Qxd5+ Qe6 45. Qc5 Nd7 46. Qc8+ Kf7 47. Kg2 Ke7 48. Qc7 g5 49. hxg5 hxg5 50. Kh2 g4 51. Kg1 Qd5 52. Qc8 Qf3 53. Qxc4 Qxg3+ 54. Kf1 Qf3+ 55. Kg1 Qg3+ 56. Kf1 Qf3+ 57. Kg1 g3 58. Qf1 Qxc3 59. Qf4 1/2-1/2

[Event "Blagny op 6th"]
[Site "Blagny"]
[Date "2014.01.03"]
[Round "3"]
[White "Monaville, Guy"]
[Black "Jupin, Francois"]
[Result "1-0"]
[WhiteElo "2094"]
[BlackElo "1623"]
[PlyCount "73"]
[EventDate "2014.??.??"]
[EventType "swiss"]
[EventRounds "6"]
[EventCountry "FRA"]
[SourceTitle "EXT 2015"]
[Source "ChessBase"]
[SourceDate "2014.11.20"]
[SourceVersion "1"]
[SourceVersionDate "2014.11.20"]
[SourceQuality "1"]

1. e4 e6 2. d3 d5 3. Nd2 Bd6 4. Ngf3 c5 5. g3 b6 6. Bg2 Bb7 7. 0-0 Nd7 8. Re1 Ne7 9. e5 Bc7 10. c3 Rc8 11. d4 cxd4 12. cxd4 Bb8 13. Nf1 h6 14. h4 Qc7 15. Bd2 Qc2 16. Qxc2 Rxc2 17. Bc3 Ba6 18. Ne3 Rxc3 19. bxc3 0-0 20. Rec1 Rc8 21. Bf1 Bxf1 22. Kxf1 b5 23. a4 bxa4 24. Rxa4 Nb6 25. Raa1 Kf8 26. Nd2 Nc6 27. Nb3 Nxe5 28. dxe5 Bxe5 29. Nd4 Rc7 30. Ng4 Bxd4 31. cxd4 Nc4 32. Ne5 Ke7 33. Nxc4 dxc4 34. Ra4 c3 35. Ra3 Rd7 36. Rcxc3 Rxd4 37. Rxa7+ 1-0

[Event "Blagny op 4th"]
[Site "Blagny"]
[Date "2012.04.09"]
[Round "5.2"]
[White "Fournier, Manuel"]
[Black "Monaville, Guy"]
[Result "1/2-1/2"]
[WhiteElo "1875"]
[BlackElo "2138"]
[PlyCount "71"]
[EventDate "2012.03.??"]
[EventType "swiss"]
[EventRounds "6"]
[EventCountry "FRA"]
[SourceTitle "EXT 2014"]
[Source "ChessBase"]
[SourceDate "2013.11.20"]
[SourceVersion "1"]
[SourceVersionDate "2013.11.20"]
[SourceQuality "1"]

1. e4 d5 2. exd5 Qxd5 3. Nc3 Qd6 4. d4 Nf6 5. Nf3 a6 6. Be2 Bg4 7. Be3 Nc6 8. Qd2 e6 9. 0-0 Be7 10. Rad1 0-0 11. Rfe1 Nb4 12. a3 Nbd5 13. Nxd5 Nxd5 14. h3 Nxe3 15. Qxe3 Bf5 16. Bd3 Bxd3 17. Rxd3 Bf6 18. Ne5 g6 19. Qf3 Bg7 20. Qe3 c6 21. Rb3 Qc7 22. Rd3 Rad8 23. c3 Rd6 24. Red1 Rfd8 25. Qg3 Rd5 26. f4 c5 27. Qe3 cxd4 28. cxd4 b5 29. Rc3 Qb6 30. Rcd3 a5 31. Kh2 b4 32. axb4 axb4 33. b3 Rc8 34. Qd2 Qa7 35. Qxb4 h5 36. Qa4 1/2-1/2

[Event "Blagny op 4th"]
[Site "Blagny"]
[Date "2012.04.08"]
[Round "4.1"]
[White "Monaville, Guy"]
[Black "Delmont, Jean Robert"]
[Result "1/2-1/2"]
[WhiteElo "2138"]
[BlackElo "1992"]
[PlyCount "25"]
[EventDate "2012.03.??"]
[EventType "swiss"]
[EventRounds "6"]
[EventCountry "FRA"]
[SourceTitle "EXT 2014"]
[Source "ChessBase"]
[SourceDate "2013.11.20"]
[SourceVersion "1"]
[SourceVersionDate "2013.11.20"]
[SourceQuality "1"]

1. Nc3 c5 2. e4 Nc6 3. g3 g6 4. Bg2 Bg7 5. d3 e6 6. f4 Nge7 7. Nf3 0-0 8. 0-0 d5 9. e5 f6 10. exf6 Bxf6 11. Bd2 Nf5 12. Rb1 Re8 13. Re1 1/2-1/2

[Event "Blagny op 3rd"]
[Site "Blagny"]
[Date "2011.04.26"]
[Round "4"]
[White "Monaville, Guy"]
[Black "Delmont, Jean Robert"]
[Result "1/2-1/2"]
[WhiteElo "2101"]
[BlackElo "1971"]
[PlyCount "26"]
[EventDate "2011.04.23"]
[EventType "swiss"]
[EventRounds "6"]
[EventCountry "FRA"]
[SourceTitle "CBM 142 Extra"]
[Source "ChessBase"]
[SourceDate "2011.06.27"]
[SourceVersion "1"]
[SourceVersionDate "2011.06.27"]
[SourceQuality "1"]

1. e4 c5 2. Nc3 Nc6 3. g3 g6 4. Bg2 Bg7 5. d3 e6 6. f4 Nge7 7. Nf3 0-0 8. Be3 b6 9. e5 f6 10. exf6 Bxf6 11. 0-0 d5 12. Bf2 Bd7 13. Qd2 Nf5 1/2-1/2

[Event "Champagne-chT"]
[Site "Ardennes"]
[Date "2005.05.05"]
[Round "4"]
[White "Monaville, Guy"]
[Black "Pincon, Stephane"]
[Result "1/2-1/2"]
[WhiteElo "2069"]
[BlackElo "1980"]
[PlyCount "56"]
[EventDate "2005.05.05"]
[EventType "team-tourn"]
[EventRounds "8"]
[EventCountry "FRA"]
[SourceTitle "EXT 2007"]
[Source "ChessBase"]
[SourceDate "2006.11.23"]
[SourceVersion "1"]
[SourceVersionDate "2006.11.23"]
[SourceQuality "1"]

1. e4 c5 2. Nc3 Nc6 3. Bb5 Nd4 4. Bc4 g6 5. Nf3 Bg7 6. d3 e6 7. Nxd4 cxd4 8. Ne2 b5 9. Bb3 Bb7 10. 0-0 d5 11. exd5 Bxd5 12. c4 dxc3 13. Nxc3 Bc6 14. Qe2 Qd7 15. Bg5 h6 16. Bh4 Ne7 17. Bxe7 Qxe7 18. a3 0-0 19. Rac1 Rac8 20. Rfd1 b4 21. Nb1 bxa3 22. bxa3 Bxg2 23. Rxc8 Rxc8 24. Bxe6 Bf3 25. Qxf3 Qxe6 26. Nd2 Rc5 27. Kf1 Rh5 28. Re1 Qd7 1/2-1/2

[Event "Champagne-chT"]
[Site "Ardennes"]
[Date "2005.05.05"]
[Round "5"]
[White "Rognion, Eric"]
[Black "Monaville, Guy"]
[Result "0-1"]
[WhiteElo "1950"]
[BlackElo "2069"]
[PlyCount "84"]
[EventDate "2005.05.05"]
[EventType "team-tourn"]
[EventRounds "8"]
[EventCountry "FRA"]
[SourceTitle "EXT 2007"]
[Source "ChessBase"]
[SourceDate "2006.11.23"]
[SourceVersion "1"]
[SourceVersionDate "2006.11.23"]
[SourceQuality "1"]

1. e4 d5 2. exd5 Qxd5 3. Nc3 Qa5 4. d4 c6 5. Nf3 Nf6 6. Bd2 Bf5 7. Be2 Qb6 8. Na4 Qd8 9. 0-0 e6 10. Re1 Be7 11. Bf4 Nbd7 12. Bd3 Bxd3 13. Qxd3 b5 14. Nc3 0-0 15. Rad1 Rc8 16. Ng5 h6 17. Nge4 b4 18. Nxf6+ Nxf6 19. Ne4 Nxe4 20. Rxe4 Bf6 21. Be5 Qe7 22. Bxf6 Qxf6 23. Re3 c5 24. Re2 Rfd8 25. c3 bxc3 26. bxc3 cxd4 27. Red2 e5 28. c4 Qe6 29. Rc1 e4 30. Qb3 Rc5 31. Kf1 Qe5 32. g3 Qe6 33. Qb4 Rh5 34. h4 e3 35. Re2 Qh3+ 36. Kg1 exf2+ 37. Kxf2 Rf5+ 38. Ke1 Qxg3+ 39. Kd2 d3 40. Qe7 Qb8 41. Ree1 Rf2+ 42. Kc3 Qb2# 0-1

[Event "BEL-chT 0001"]
[Site "Belgium"]
[Date "2001.03.25"]
[Round "11"]
[White "Praet, Maarten"]
[Black "Monaville, Guy"]
[Result "1-0"]
[WhiteElo "2193"]
[BlackElo "2087"]
[PlyCount "49"]
[EventDate "2000.11.18"]
[EventType "team-tourn"]
[EventRounds "13"]
[EventCountry "BEL"]
[SourceTitle "CBM 081 Extra"]
[Source "ChessBase"]
[SourceDate "2001.05.06"]
[SourceVersion "1"]
[SourceVersionDate "2001.05.06"]
[SourceQuality "1"]

1. e4 d5 2. exd5 Qxd5 3. Nc3 Qa5 4. Bc4 Nf6 5. Nge2 Bf5 6. d3 e6 7. 0-0 c6 8. Ng3 Bg6 9. Qe2 Be7 10. Bd2 Qc7 11. f4 0-0 12. Kh1 b5 13. Bb3 Na6 14. Nce4 Nc5 15. Nxc5 Bxc5 16. Ne4 Bxe4 17. dxe4 Rad8 18. Be1 e5 19. Bh4 Be7 20. fxe5 Qxe5 21. Rf5 Qxb2 22. Raf1 a5 23. e5 Nd5 24. Bxd5 Bxh4 25. Bxf7+ 1-0

[Event "BEL-chT 0001"]
[Site "Belgium"]
[Date "2000.12.17"]
[Round "5"]
[White "Coenen, Norbert"]
[Black "Monaville, Guy"]
[Result "1-0"]
[WhiteElo "2403"]
[BlackElo "2064"]
[PlyCount "49"]
[EventDate "2000.11.18"]
[EventType "team-tourn"]
[EventRounds "13"]
[EventCountry "BEL"]
[SourceTitle "CBM 081 Extra"]
[Source "ChessBase"]
[SourceDate "2001.05.06"]
[SourceVersion "1"]
[SourceVersionDate "2001.05.06"]
[SourceQuality "1"]

1. e4 d5 2. exd5 Qxd5 3. Nc3 Qa5 4. d4 c6 5. Bc4 Bf5 6. Bd2 e6 7. d5 cxd5 8. Nxd5 Qd8 9. Qe2 Nf6 10. Nxf6+ gxf6 11. 0-0-0 Nc6 12. g4 Bg6 13. Nf3 Qe7 14. Bc3 Bg7 15. Nd4 Nxd4 16. Rxd4 0-0 17. h4 h6 18. f4 Rfd8 19. f5 Rxd4 20. Bxd4 Qd6 21. fxg6 Qxd4 22. gxf7+ Kh8 23. Qxe6 Rd8 24. c3 Qd2+ 25. Kb1 1-0

[Event "Camping Cup 1st FIDE"]
[Site "Arlon"]
[Date "2000.09.23"]
[Round "4"]
[White "Monaville, Guy"]
[Black "Verspecht, Thierry"]
[Result "1-0"]
[WhiteElo "2064"]
[BlackElo "2187"]
[PlyCount "79"]
[EventDate "2000.09.??"]
[EventType "tourn"]
[EventRounds "5"]
[EventCountry "BEL"]
[SourceTitle "EXT 2006"]
[Source "ChessBase"]
[SourceDate "2005.11.24"]
[SourceVersion "1"]
[SourceVersionDate "2005.11.24"]
[SourceQuality "1"]

1. e4 e6 2. d4 d5 3. e5 c5 4. c3 Nc6 5. Nf3 Bd7 6. Be2 Qb6 7. 0-0 Nh6 8. dxc5 Qc7 9. Bf4 Bxc5 10. b4 Be7 11. b5 Na5 12. Qa4 0-0 13. Bxh6 gxh6 14. Qf4 f6 15. Qxh6 fxe5 16. Ng5 Bxg5 17. Qxg5+ Kh8 18. Nd2 Rf5 19. Qe3 Rg8 20. Rac1 b6 21. c4 d4 22. Qa3 Be8 23. g3 Bg6 24. Bd3 Rf4 25. Bxg6 Rxg6 26. Qd3 Nb7 27. Ne4 Nc5 28. Nxc5 Qxc5 29. f3 Rf7 30. Kg2 a6 31. a4 Rg8 32. Qe4 Rgf8 33. bxa6 Ra7 34. f4 Rxa6 35. fxe5 Rxa4 36. Rxf8+ Qxf8 37. Rc2 Qa8 38. Qxa8+ Rxa8 39. Kf3 Ra4 40. Ke4 1-0

[Event "BEL-chT 9900"]
[Site "Antwerp"]
[Date "1999.11.??"]
[Round "5"]
[White "Buhr, Carl Christian"]
[Black "Monaville, Guy"]
[Result "1-0"]
[WhiteElo "2338"]
[BlackElo "2215"]
[PlyCount "83"]
[EventDate "1999.10.08"]
[EventType "team-tourn"]
[EventRounds "11"]
[EventCountry "BEL"]
[SourceTitle "CBM 073 Extra"]
[Source "ChessBase"]
[SourceDate "2000.01.11"]
[SourceVersion "1"]
[SourceVersionDate "2000.01.11"]
[SourceQuality "1"]

1. d4 Nf6 2. c4 e5 3. dxe5 Ng4 4. Bf4 g5 5. Bg3 Bg7 6. Nf3 Nc6 7. Nc3 Ngxe5 8. Nxe5 Nxe5 9. e3 d6 10. h4 g4 11. h5 h6 12. Bh4 Bf6 13. Bxf6 Qxf6 14. Nd5 Qd8 15. Qd4 Be6 16. Be2 c5 17. Qe4 Bxd5 18. Qxd5 Qa5+ 19. Kf1 0-0-0 20. Bxg4+ Nxg4 21. Qf5+ Kb8 22. Qxg4 f5 23. Qf4 Qd2 24. b3 Ka8 25. g3 d5 26. Kg2 d4 27. Rhd1 Qb2 28. exd4 cxd4 29. Qd2 Qa3 30. Re1 Qc5 31. Qf4 Qc6+ 32. Qf3 Qf6 33. Rad1 Rhg8 34. Re4 d3 35. Rf4 Rg5 36. Rxd3 Rxd3 37. Qxd3 Rxh5 38. Rd4 Qc6+ 39. f3 b6 40. Rd8+ Kb7 41. Qd7+ Qc7 42. f4 1-0

[Event "Luxembourg-ch"]
[Site "Luxembourg"]
[Date "1999.04.06"]
[Round "4"]
[White "Monaville, Guy"]
[Black "Feller, Joseph"]
[Result "1/2-1/2"]
[WhiteElo "2186"]
[BlackElo "2230"]
[PlyCount "30"]
[EventDate "1999.04.03"]
[EventType "swiss"]
[EventRounds "9"]
[EventCountry "LUX"]
[SourceTitle "EXT 2005"]
[Source "ChessBase"]
[SourceDate "2004.11.15"]
[SourceVersion "1"]
[SourceVersionDate "2004.11.15"]
[SourceQuality "1"]

1. e4 c5 2. f4 Nc6 3. Nf3 g6 4. Bb5 Bg7 5. 0-0 Nd4 6. Nxd4 cxd4 7. d3 a6 8. Ba4 b5 9. Bb3 e6 10. c3 Ne7 11. cxd4 Bxd4+ 12. Kh1 Bb7 13. Qe1 Qb6 14. Nd2 Bg7 15. Nf3 d5 1/2-1/2

[Event "Luxembourg-ch"]
[Site "Luxembourg"]
[Date "1999.04.05"]
[Round "3"]
[White "Risch, Michel"]
[Black "Monaville, Guy"]
[Result "0-1"]
[WhiteElo "2030"]
[BlackElo "2186"]
[PlyCount "82"]
[EventDate "1999.04.03"]
[EventType "swiss"]
[EventRounds "9"]
[EventCountry "LUX"]
[SourceTitle "EXT 2005"]
[Source "ChessBase"]
[SourceDate "2004.11.15"]
[SourceVersion "1"]
[SourceVersionDate "2004.11.15"]
[SourceQuality "1"]

1. d4 Nf6 2. Nf3 d6 3. Bg5 Bg4 4. Nbd2 Nbd7 5. c4 Bxf3 6. Nxf3 g6 7. e3 Bg7 8. Qc2 c5 9. dxc5 Nxc5 10. Rb1 a5 11. Bxf6 Bxf6 12. b3 Qb6 13. a3 0-0 14. Be2 Qc6 15. h4 Qe4 16. Qd1 Qf5 17. h5 Rfd8 18. hxg6 hxg6 19. g4 Qd7 20. g5 Bg7 21. Nd4 e5 22. Bg4 Qe7 23. Nb5 e4 24. Qd5 Nd3+ 25. Ke2 Ne5 26. Qxe4 Qxg5 27. Rbg1 Nxg4 28. Rxg4 Qe5 29. Qd3 a4 30. b4 b6 31. Rhg1 d5 32. Nd4 dxc4 33. Qxc4 Rac8 34. Qa6 Qh5 35. Qxb6 Bxd4 36. exd4 Re8+ 37. Kd2 Qf5 38. Rxg6+ fxg6 39. Rxg6+ Kf7 40. Rc6 Qxf2+ 41. Kc3 Qf3+ 0-1

[Event "Luxembourg-ch"]
[Site "Luxembourg"]
[Date "1999.04.04"]
[Round "2"]
[White "Monaville, Guy"]
[Black "Kohnen, Marc"]
[Result "1-0"]
[WhiteElo "2186"]
[BlackElo "1922"]
[PlyCount "65"]
[EventDate "1999.04.03"]
[EventType "swiss"]
[EventRounds "9"]
[EventCountry "LUX"]
[SourceTitle "EXT 2005"]
[Source "ChessBase"]
[SourceDate "2004.11.15"]
[SourceVersion "1"]
[SourceVersionDate "2004.11.15"]
[SourceQuality "1"]

1. e4 e5 2. f4 exf4 3. Nf3 d5 4. exd5 Qxd5 5. Nc3 Qe6+ 6. Be2 Nf6 7. 0-0 Nc6 8. d4 Nd5 9. Nxd5 Qxd5 10. Bxf4 Bd6 11. c4 Qa5 12. Bd2 Bb4 13. Be3 0-0 14. a3 Be7 15. c5 b5 16. b4 Qa6 17. Qd3 Rb8 18. Bf4 Bd8 19. d5 Ne7 20. d6 cxd6 21. Bxd6 Rb7 22. Nd4 Rd7 23. Qxb5 Rxd6 24. cxd6 Qxd6 25. Nf3 Bb6+ 26. Kh1 Ng6 27. Rad1 Qe7 28. Bc4 Qe3 29. Rde1 Qxa3 30. Re8 Qb2 31. Bxf7+ Kxf7 32. Ng5+ Kg8 33. Qd5+ 1-0